| 000 | 01838nam a22002897a 4500 | ||
|---|---|---|---|
| 999 |
_c60196 _d60196 |
||
| 003 | Ge_BSU | ||
| 005 | 20230616144053.0 | ||
| 008 | 230616s2010 ge ||||| |||| 00| 0 geo d | ||
| 020 | _a9789941017919 | ||
| 041 | _ageo | ||
| 080 | _a016:929(479.22) გ-59 | ||
| 100 |
_aგოგილაშვილი, ვ. _91974 |
||
| 245 |
_aექვთიმე თაყაიშვილი (1863-1953) = Ekvtime Takaishvili (1863-1953) = Ekvtime Takaichvili (1863-1953) : _bბიობიბლიოგრაფია / _c საქ. განათლ. და მეცნ. სამინ., ეროვნ. სამეცნ. ბიბ-კა ; [შემდგ.: ვ. გოგილაშვილი, ც. კვაჭაძე ; რედ.: რ. მეტრეველი, ი. ღარიბაშვილი ; ბიბლიოგრ. რედ. ნ. ბაღათურია]. |
||
| 264 |
_aთბილისი, _c2010. |
||
| 300 |
_a170გვ. ; _b20სმ. |
||
| 490 | _aბიობიბლიოგრაფიული სერია "ქართველი მეცნიერები" | ||
| 500 | _aპარალ. თავფურ. ინგლ. და ფრანგ. | ||
| 501 | _aტექსტი ქართ., ინგლ. და ფრანგ. | ||
| 653 | _aთაყაიშვილი, ექვთიმე | ||
| 653 | _aბიობიბლიოგრაფია. | ||
| 653 | _aისტორია - ბიბლიოგრაფია | ||
| 700 |
_aკვაჭაძე, ც., _eშემდგენელი _918773 |
||
| 700 |
_aკვაჭაძე, ც. _918774 |
||
| 700 |
_aმეტრეველი, რ. _eრედაქტორი _918775 |
||
| 700 |
_aღარიბაშვილი, ი. _eრედაქტორი _918776 |
||
| 942 |
_2udc _cBK |
||